000 00289nam a2200121Ia 4500
008 240731s9999 xx 000 0 und d
022 _a0810-2597
245 0 _aMaritime Studies
260 _bRoutledge
856 _uhttps://www.tandfonline.com/loi/ramo19
942 _2ddc
942 _cTFEJ
999 _c78484
_d78484
945 _a1
_bMadushi Gamage
_c1
_dMadushi Gamage